000 00458nam a2200169Ia 4500
008 230917s9999||||xx |||||||||||||| ||und||
020 _cRS495
040 _e231214
_aMAIN
041 _aEnglish
082 _a327.54073 N629B
100 _aNiranjan, Neha
245 0 _aBharat-America ke badhte kadam
260 _aNew Delhi
_bSamakaleen Prakashan
_c2015
300 _axi, 224 p.
500 _a2266 01/02/2016 IBS15/325 02/02/2016 Main Budget
942 _cBK
999 _c17790
_d17790